| 000 | 00355nam a2200133Ia 4500 | ||
|---|---|---|---|
| 008 | 240624s9999 xx 000 0 und d | ||
| 041 | _aeng | ||
| 082 | _a330 GRA | ||
| 100 | _aGRAY H PETER | ||
| 245 | _aGLOBALIZATION AND ECONOMIC AND FINANCIAL | ||
| 260 |
_c2005 _aUSA _bEdward Elgar Publishing |
||
| 300 | _axx, : 630 : p. : cm. ; 25 | ||
| 365 |
_cGBP _b28 |
||
| 999 |
_c21370 _d21370 |
||